02377cam a22005174i 4500003000900000005001700009008004100026020001800067035001900085040003300104049000900137082002100146100002800167245010000195264004100295300002700336336002100363337002500384338002300409490003800432504002800470505045900498526000900957526000900966526000900975526000900984526000900993526000901002526000801011526000801019526000801027526000801035526000801043526000801051541001701059650002901076910002801105942001401133949013601147994001401283596000601297999013501303999019701438980005501635952016901690PE-LiUPU20250731184523.0150617s r 000 0 d a9786124579202 a(Sirsi) a18792 aPE-LiUPUbspacPE-LiUPUerda aPRUA04a985.612bB532211 aBingham, Hiram,eautor.13aLa ciudad perdida de los incas :bhistoria de Machu Pichu y sus constructores /cHiram Bingham. 1aSantiago de Chile :bZIg-Zag,c1953. a336 páginas ;c21 cm atext2rdacontent aunmediated2rdamedia avolume2rdacarrier0 aColección Historia y Documentos aIncluye bibliografía.0 aLos incas y su civilización -- El origen de los incas -- La historia de los últimos cuatro incas -- Mi entrada a la tierra de los incas -- Al encuentro de Vitcos -- Al encuentro de Vilcapampa -- El descubrimiento -- Exploración de machu Pichu y Huayna Picchu -- Vilcapampa la vieja -- Resultado de las excavaciones en Machu Picchu -- En busca de los caminos incaicos que llevaban a Machu Picchu -- El origen de la ciudad llamada ahora Machu Picchu. aP136 aP135 aP134 aP133 aP144 aP143 aP87 aP35 aP20 aP14 aP10 aP06 g003-0047643;04aMacchu PicchuxHistoria. ajckbjvqcjckd20150616 2ddccBOOK a985.0909 B53wDEWEYc1i14961lCCODEBUL1mBULp00.00r0sYtBOOKu19770308xEDUCACIONzUNKNOWN0COMPRAo.STAFF. Colección General aC0bPEPRU a1 a985.612 B53wDEWEYc18523i14961lLOSTmBULr1sYtBOOKu2015-6-17xEDUCACIONzUNKNOWN0COMPRAo.STAFF. Colección Generald18523 a985.612 B53wDEWEYc2i75069d2018-10-17e2018-10-15f2021-11-8g7lCCODEBUL1mBULn5p17.00q4r0sYtBOOKu2016-12-9xBIBLIOTECAPP060COMPRAo.STAFF. Colección Ingeniería y Arquitectura 81gALBERTO SANCHEZ Responsable de Automatización r2025-12-03 00:00:00i1l2o985.612 B53p75069s2022-09-21te2w2016-12-09xFIAyBKzinventario-2023-12-13102ddc50708GENfP06aBULbBULcGENd2016-12-09eCOMPRA